| 000 | 01268nam0a22002531 4500 | ||
|---|---|---|---|
| 001 | rc\790606 | ||
| 005 | 20040301143554.1 | ||
| 035 | _a(NLR Aleph) 006315897 | ||
| 090 |
_a7400819 _c7400819 |
||
| 100 | _a20040301d1983 u |0rusy50 ca | ||
| 101 | 0 | _arus | |
| 102 | _aRU | ||
| 105 | _ay ||||||||| | ||
| 200 | 1 |
_aДобросовестный общественно полезный труд - обязанность и дело чести каждого способного к труду гражданина СССР _e(Метод. рекомендации в помощь лекторам-пропагандистам сов. права, слушателям школы молодого лектора) _fЛенингр. хим.-фармац. ин-т, Фак. обществ. профессий _g[Сост. к. ю. н., доц. М.С. Ошеров] |
|
| 210 |
_aЛ. _cФОП ЛХФИ _d1983 |
||
| 215 |
_a9 с. _d20 |
||
| 320 | _aБиблиогр.: с. 9 | ||
| 702 | 1 |
_aОшеров _bМ. С. _gМихаил Семенович _4220 |
|
| 712 | 0 | 2 |
_aЛенинградский химико-фармацевтический ин-т _3RU\NLR\AUTH\889956900 |
| 801 | 0 |
_aRU _bNLR _gpsbo |
|
| 801 | 1 |
_aRU _bELAR _2rusmarc |
|
| 852 |
_aNLR _j83-4/29110 |
||
| 942 | _cBOOK | ||
| 980 | _aNB | ||